Piosenki Budki Suflera- nagła śmierć - Statystyki

Ogólne statystyki
  • Ten quiz został rozwiązany 56 razy
    41 od ostatniego zresetowania
  • Średni wynik to 10 z 32
Answers on the Grid
Answers color-coded by a green-red scale on the quiz's grid according to % correct below.
Szalony koń
Wciąż bardziej obcy
Żeglując w dobry czas
Lifeline
Sen o dolinie
Wielki mały człowiek
Jest taki samotny dom
Nietykalni- skamieniałe zło
Adam i Ewa
Maszynista
Wymyśliłem Ciebie
Rozmowa
Z dalekich wypraw
Polak potrafi
Lot nad bocianim gniazdem
Czas ołowiu
Black and white
Nie pytaj o Polskę
Nie widzę Ciebie w swych marzeniach
Noc nad Norwidem
Nie wierz nigdy kobiecie
Cały mój zgiełk
Życiowy numer
XXI wiek (Dla wszystkich nas)
Noc
Za ostatni grosz
Peron łez
Tango Anawa
Traktat
Lubię ten stary obraz
Jej wspomnienie
Cień wielkiej góry
Noc komety
Przed nocą i mgłą
Bal wszystkich świętych
Ratujmy co się da
Kołysanka matki
Jolka, Jolka pamiętasz...
Czas czekania, czas olśnienia
W moim magicznym domu
Jezioro szczęścia
Zegarmistrz światła
Takie tango
Panorama Tatr
Ślady na piasku
U stóp szklanych gór
V bieg
Pieśń niepokorna
Giganci tańczą
Nic nie boli
Cisza jak ta
Życia mała garść
Twoje radio
Kochać Cię za późno
Taniec pingwina na szkle
Nic nie boli tak jak życie
 
Statystyki odpowiedzi
Odpowiedź % Poprawnych
Jolka, Jolka pamiętasz...
92%
Bal wszystkich świętych
77%
Jest taki samotny dom
77%
Takie tango
69%
Za ostatni grosz
69%
Adam i Ewa
54%
Nie wierz nigdy kobiecie
54%
Noc komety
54%
Sen o dolinie
46%
V bieg
46%
Cisza jak ta
38%
Twoje radio
38%
Czas ołowiu
31%
Cały mój zgiełk
23%
Cień wielkiej góry
23%
Maszynista
23%
Noc
23%
Ratujmy co się da
23%
Lifeline
15%
Lot nad bocianim gniazdem
15%
Nic nie boli tak jak życie
15%
Noc nad Norwidem
15%
Ślady na piasku
15%
Życiowy numer
15%
Czas czekania, czas olśnienia
8%
Giganci tańczą
8%
Lubię ten stary obraz
8%
Pieśń niepokorna
8%
Rozmowa
8%
Szalony koń
8%
Traktat
8%
Z dalekich wypraw
8%
Nie znaleziono quizów pasujących do podanych kryteriów
Rozkład punktacji
Procent ludzi z każdym wynikiem
Percentyl według liczby udzielonych odpowiedzi
Twoja historia wyników
Nie rozwiązałeś tego quizu od ostatniego zresetowania